Hat-Tricki w Fazie Pucharowej Ligi Mistrzów - Statystyki

Ogólne statystyki
  • Ten quiz został rozwiązany 82 razy
  • Średni wynik to 20 z 26
Statystyki odpowiedzi
Sezon Narodowość Mecz Zawodnik % Poprawnych
2022/23 Norwegia Man City v Lipsk 7:0 Erling Haaland
100%
2021/22 Polska Bayern v Salzburg 7:1 Robert Lewandowski
100%
2012/13 Polska Dortmund v Real 4:1 Robert Lewandowski
100%
2018/19 Portugalia Juventus v Atletico 3:0 Cristiano Ronaldo
99%
2016/17 Portugalia Real v Bayern 4:2 Cristiano Ronaldo
99%
2016/17 Portugalia Real v Atletico 3:0 Cristiano Ronaldo
99%
2015/16 Portugalia Real v Wolfsburg 3:0 Cristiano Ronaldo
99%
2021/22 Francja Real v PSG 3:1 Karim Benzema
99%
2021/22 Francja Chelsea v Real 1:3 Karim Benzema
99%
2020/21 Francja Barcelona v PSG 1:4 Kylian Mbappe
99%
2011/12 Argentyna Barcelona v Leverkusen 7:1 Lionel Messi
97%
2009/10 Argentyna Barcelona v Arsenal 4:1 Lionel Messi
97%
2002/03 Brazylia Man United v Real 4:3 Ronaldo Nazario
96%
2017/18 Senegal Porto v Liverpool 0:5 Sadio Mane
96%
2016/17 Gabon Dortmund v Benfica 4:0 Pierre-Emerick Aubameyang
86%
2018/19 Brazylia Ajax v Tottenham 2:3 Lucas Moura
76%
2013/14 Holandia Man United v Olympiakos 3:0 Robin van Persie
72%
2011/12 Niemcy Bayern v Basel 7:0 Mario Gomez
67%
1997/98 Włochy Juventus v Monaco 4:1 Alessandro del Piero
61%
2004/05 Brazylia Inter v Porto 3:0 Adriano
49%
2019/20 Słowenia Valencia v Atalanta 3:4 Josip Ilicic
49%
2009/10 Dania Arsenal v Porto 5:0 Nicklas Bendtner
46%
2009/10 Chorwacja Lyon v Bayern 0:3 Ivica Olic
40%
1997/98 Włochy Dynamo v Juventus 1:4 Filippo Inzaghi
24%
2004/05 Francja Lyon v Werder 7:2 Sylvain Wiltord
7%
1999/00 Hiszpania Valencia v Lazio 5:2 Gerard Lopez
6%
Nie znaleziono quizów pasujących do podanych kryteriów
Rozkład punktacji
Procent ludzi z każdym wynikiem
Percentyl według liczby udzielonych odpowiedzi
Twoja historia wyników
Nie rozwiązałeś tego quizu